| 000 | 01243 a2200229 4500 | ||
|---|---|---|---|
| 005 | 20080922122317.0 | ||
| 008 | 080922t xxu||||| |||| 00| 0 hin d | ||
| 010 | _aHIN-81303 | ||
| 020 |
_a8180310922 _c120.00 |
||
| 035 | _aHN-53649 | ||
| 037 | _bD.B.Act / pub | ||
| 082 | _a921 | ||
| 100 | _aमोहन सिंह | ||
| 245 |
_aडॉ.भीमराव अम्बेदकरःव्यक्तित्व के कुछ पहलू _cमोहन सिंह |
||
| 250 | _a3रा संस्क | ||
| 260 |
_aइलाहाबाद _bलोकभारती प्रकाशन _c2006 |
||
| 270 |
_aपहली मंजिल, दरबारी बिल्डिंग, महात्मा गांधी मार्ग _bइलाहाबाद _e1 |
||
| 300 |
_a140पृ _c22 सेमी (सजिल्द) |
||
| 942 |
_adpl _cHN _k921 / मोहन _2ddc _h921 _mमोहन |
||
| 999 |
_c8149 _d8149 |
||